Classement du Ballon d'Or 2024 - Statistiques

Statistiques générales
  • Ce quiz a été pris 79 fois
  • Le résultat moyen est 15 sur 30
Statistiques - réponses
Classement Joueurs % Correct
2 Vinicius Junior
100%
1 Rodri
98%
6 Kylian Mbappé
95%
3 Jude Bellingham
90%
5 Erling Haaland
85%
4 Dani Carvajal
77%
8 Lamine Yamal
74%
9 Toni Kroos
66%
18 Emiliano Martinez
61%
7 Lautaro Martinez
61%
11 Phil Foden
61%
10 Harry Kane
60%
12 Florian Wirtz
50%
23 Ruben Dias
44%
22 Antonio Rudiger
42%
21 Bukayo Saka
42%
24 William Saliba
42%
28 Alejandro Grimaldo
34%
13 Dani Olmo
32%
19 Martin Odegaard
32%
17 Federico Valverde
31%
15 Nico Williams
31%
14 Ademola Lookman
27%
16 Granit Xhaka
27%
27 Vitinha
27%
26 Declan Rice
26%
25 Cole Palmer
23%
29 Mats Hummels
16%
20 Hakan Çalhanoglu
11%
30 Artem Dovbyk
6%
Aucun quiz correspondant
Distribution des résultats
% des personnes avec chaque résultat
Percentile par nombre de réponses
Votre historique - résultats
Vous n’avez pas pris ce quiz